| 000 | 00670nam a22001697a 4500 | ||
|---|---|---|---|
| 999 |
_c14866 _d14866 |
||
| 008 | 200123b ||||| |||| 00| 0 eng d | ||
| 082 |
_22020 _aUT 1419 _bAr68 |
||
| 100 |
_aArquio, John Dave C. _941260 |
||
| 245 |
_aTax Compliance Propensity of Certified Public Accountants and Lawyers/ _cJohn Dave C. Arquio, Edgar C. Belono-Ac Jr. & Lyka Trisha U. Sagolili |
||
| 260 |
_aDigos City _bUMDC _cJanuary 2020 |
||
| 300 |
_a75 pages _c30 cm |
||
| 650 |
_aAccounting Education _vAccountancy _xUndergraduate Thesis _940679 |
||
| 700 |
_aArquio,John Dave C. _941261 |
||
| 700 |
_aBelono-Ac Jr., Edgar C. _941262 |
||
| 700 |
_aSagolili,Lyka Trisha U. _941263 |
||
| 942 |
_2ddc _cUT |
||